书目信息 |
| 题名: |
生态美学与生态批评的空间
|
|
| 作者: | 曾繁仁 , 谭好哲 主编 | |
| 分册: | ||
| 出版信息: | 济南 山东大学出版社 2016 |
|
| 页数: | 287页 | |
| 开本: | 24cm | |
| 丛书名: | ||
| 单 册: | ||
| 中图分类: | Q14-05 | |
| 科图分类: | ||
| 主题词: | 生态学--美学--文集 | |
| 电子资源: | ||
| ISBN: | 978-7-5607-5658-5 | |
| 000 | 01027nam0 2200253 450 | |
| 001 | 0104130406 | |
| 005 | 20170720105114.0 | |
| 010 | @a978-7-5607-5658-5@dCNY36.00 | |
| 100 | @a20170313d2016 em y0chiy0120 ea | |
| 101 | 0 | @achi@aeng |
| 102 | @aCN@b370000 | |
| 105 | @ay z 000zy | |
| 106 | @ar | |
| 200 | 1 | @a生态美学与生态批评的空间@9Sheng Tai Mei Xue Yu Sheng Tai Pi Ping De;Di Kong Jian @f曾繁仁,谭好哲主编@b专著@dSpace for ecoaesthetics and ecocriticism@zeng |
| 210 | @a济南@c山东大学出版社@d2016 | |
| 215 | @a287页@d24cm | |
| 330 | @a本书主要围绕着“生态哲学与生态文明”“生态美学与环境美学”“生态批评与生态文学”三个议题,进行了深入探讨,反映了现条件下不同国家、不同区域、不同学科生态美学研究的新动态与最新研究成果。 | |
| 510 | 1 | @aSpace for ecoaesthetics and ecocriticism@zeng |
| 606 | 0 | @a生态学@x美学@j文集 |
| 690 | @aQ14-05@v5 | |
| 701 | 0 | @a曾繁仁@f(1941.1~)@9zeng fan ren@4主编 |
| 701 | 0 | @a谭好哲@f(1955~)@9tan hao zhe@4主编 |
| 801 | 0 | @aCN@bAZmarc@c20230904 |
| 905 | @aBZT@dQ14-05@e2@f1@sQ14-05/2 | |
| 生态美学与生态批评的空间/曾繁仁,谭好哲主编=Space for ecoaesthetics and ecocriticism.-济南:山东大学出版社,2016 |
| 287页;24cm |
| ISBN 978-7-5607-5658-5:CNY36.00 |
| 本书主要围绕着“生态哲学与生态文明”“生态美学与环境美学”“生态批评与生态文学”三个议题,进行了深入探讨,反映了现条件下不同国家、不同区域、不同学科生态美学研究的新动态与最新研究成果。 |
| ● |
| 相关链接 |
|
|
|
正题名:生态美学与生态批评的空间
索取号:Q14-05/2
 
预约/预借
| 序号 | 登录号 | 条形码 | 馆藏地/架位号 | 状态 | 备注 |
| 1 | 2000031224 | 2000031224 | 旧书回溯/ [索取号:Q14-05/2] | 在馆 |